000 00485nam a22001697a 4500
003 BD-DhJNU
005 20251022031426.0
008 251022b |||||||| |||| 00| 0 eng d
040 _aBD-DhJNU
_bENG
_cBD-DhJNU
_dBD-DhJNU
082 _223
_a004.0151
100 _aRutherford, D.E.
245 _aIntroduction to lattice theory /
_cD.E. Rutherford
260 _aLondon :
_bOliver & Boyd,
_c1965.
300 _ax, 115 p. :
_bill. ;
_c24 cm.
650 _aLattice Theory
942 _2ddc
_cBK
_n0
999 _c2300
_d2300